| 000 | 00997nam a22001577a 4500 | ||
|---|---|---|---|
| 003 | OSt | ||
| 005 | 20150918090513.0 | ||
| 008 | 150918b xxu||||| |||| 00| 0 eng d | ||
| 040 | _cRUA | ||
| 082 | _aAGR TOU 2004 B030 Or.1 | ||
| 100 |
_9720 _aTOUCH, BUNNA. |
||
| 245 |
_aeffect of different amounts and split application method of nitrogen on growth and yield in rice variety sen pidao at comping puoy agricultural development center (kadc) battambang province(ឥទ្ធិពលនៃភាពខុសគ្នាដោយវរិមាណ និងការអនុវត្តវីធីសាស្រ្តបំបែកជីអាសូតទៅលើការលូតលាស់ និង ទិន្នផលស្រូវសែនពិដោរ នៅមណ្ឌលអភិេវឌ្ឍន៍កសិកម្មកំពីងពួយ ខេត្តបាត់ដំបង) _c. |
||
| 260 |
_aPhnom Penh _bRUA _c2004 |
||
| 300 |
_a65p. _bill. _c29cm. |
||
| 942 |
_2ddc _cAGR |
||
| 999 |
_c693 _d693 |
||